000 00917nam a2200241Ia 4500
003 OSt
005 20220923223956.0
006 a|||||r|||| 00| 0
007 ta
008 220922b |||||||| |||| 00| 0 hin d
024 _a223,743
037 _cTextual
040 _aARTS
_cARTS
_bhin
041 _2hin
_ahin
082 _aO152,2M50:g, P4-;1
100 _aशर्मा, रामविलास
245 0 _aभारतेन्दु हरिश्चन्द्र
_b और हिन्दी नवजागरण की समस्याएॅं
246 _aBhāratendu harishchandra: aur hindī navajāgaraṇ kī samasyāeॅan
260 _aनयी दिल्ली
_b राजकमल प्रकाशन
_c2004
300 _a175पृ.
_ccm.
942 _hO152,2M50:g, P4-;1
_cTEXL
_2CC
999 _c368504
_d368504